000 00572nam a2200241Ia 4500
003 IT-RoPAU
005 20220918175649.0
008 120407s9999 xx 000 0 und d
040 _aIT-RoPAU
040 _cIT-RoPAU
041 _aita
100 _aJean Delumeau
_935171
245 _aIl peccato e la paura. L’idea di colpa in Occidente dal XIII al XVIII secolo
250 _aBologna
260 _aIl Mulino
260 _c1987
300 _a1008 p.
300 _c21,5 cm
490 _a Le occasioni
490 _v11
942 _cBK
_2ddc
999 _c24016
_d24016